MCS security system (using RFID technology) / (Record no. 183546)

000 -LEADER
fixed length control field 00496 a2200169 4500
003 - CONTROL NUMBER IDENTIFIER
control field NUST
005 - DATE AND TIME OF LATEST TRANSACTION
control field 20251022105136.0
040 ## - CATALOGING SOURCE
Transcribing agency Nust
082 ## - DEWEY DECIMAL CLASSIFICATION NUMBER
Classification number 621.382,ASH
100 ## - MAIN ENTRY--PERSONAL NAME
Personal name Ashfaq , Asim Capt ( TE-40)
9 (RLIN) 131373
245 ## - TITLE STATEMENT
Title MCS security system (using RFID technology) /
Statement of responsibility, etc. Capt Asim Ashfaq , Capt Faheem Akhtar , Capt Nisar-UL-Haq , GC Asif Rasul
260 ## - PUBLICATION, DISTRIBUTION, ETC.
Place of publication, distribution, etc. Rawalpindi
Name of publisher, distributor, etc. MCS,NUST
Date of publication, distribution, etc. 2007
300 ## - PHYSICAL DESCRIPTION
Extent 81,p.;
650 ## - SUBJECT ADDED ENTRY--TOPICAL TERM
Topical term or geographic name entry element UG Projects
9 (RLIN) 98716
651 ## - SUBJECT ADDED ENTRY--GEOGRAPHIC NAME
Geographic name TE-40
9 (RLIN) 131374
942 ## - ADDED ENTRY ELEMENTS (KOHA)
Source of classification or shelving scheme
Koha item type Project Report
Holdings
Withdrawn status Lost status Source of classification or shelving scheme Damaged status Not for loan Permanent Location Current Location Shelving location Date acquired Full call number Barcode Date last seen Price effective from Koha item type Public note
          Military College of Signals (MCS) Military College of Signals (MCS) Reference 12/12/2016 621.382,SHA MCSPTE-144 12/08/2016 12/12/2016 Project Report Almirah No.90, Shelf No.3
© 2023 Central Library, National University of Sciences and Technology. All Rights Reserved.